000 00593nam a2200241 a 4500
001 nice12345678
003 IN_TiNIC
005 20260116011252.0
008 050524s1922 lona grp 000 0 eng
020 _a
_c100
082 0 0 _a181.07
_bOLE
100 _aO`Leary, De Lacy
245 _aArabic Thought and Its Place in History
260 _aLondon
_bRoutledge Chapman Hall
_c1922
300 _a327p
500 _aincludes index and biblioraphy
505 2 _aIndex
650 _aPhilosophy-Islamic
700 1 _aO`Leary, De Lacy
902 _bSRS
942 _cBK
999 _c37
_d37